<?xml version="1.0" encoding="UTF-8"?>
<marc:record xmlns:marc="http://www.loc.gov/MARC21/slim">
   <marc:leader>00000nam a2200000 a 4500</marc:leader>
   <marc:datafield ind1="1" ind2=" " tag="100">
      <marc:subfield code="a">Boehme, Julia</marc:subfield>
      <marc:subfield code="4">aut</marc:subfield>
      <marc:subfield code="e">Verfasser/-in</marc:subfield>
   </marc:datafield>
   <marc:datafield ind1="0" ind2="0" tag="245">
      <marc:subfield code="a">Conni und das Hausboot-Abenteuer</marc:subfield>
   </marc:datafield>
   <marc:datafield ind1=" " ind2="1" tag="264">
      <marc:subfield code="b">Carlsen</marc:subfield>
      <marc:subfield code="c">2022</marc:subfield>
   </marc:datafield>
   <marc:datafield ind1="1" ind2=" " tag="490">
      <marc:subfield code="a">Meine Freundin Conni</marc:subfield>
   </marc:datafield>
   <marc:datafield ind1="1" ind2=" " tag="520">
      <marc:subfield code="a">Angaben aus der Verlagsmeldung&lt;br/&gt;&lt;br/&gt;Conni-Erzählbände 39: Conni und das Hausboot-Abenteuer / von Julia Boehme&lt;br/&gt;&lt;br/&gt;Das wird ein Abenteuer! Conni und ihre Familie machen Urlaub auf einem Hausboot. Doch gleich am ersten Tag beginnt es zu regnen und nicht nur das: Ein Unglück jagt das nächste. Ob der Urlaub jetzt ins Wasser fällt? Dabei wollte Conni doch ganz viele Fotos für Opa machen. Aber so schnell gibt sie nicht auf!&lt;br/&gt;&lt;br/&gt;Leinen los! Der neue Band für alle Conni-Fans mit vielen farbigen Bildern und garantiertem Lesespaß! &lt;br/&gt;&lt;br/&gt;Die CONNI-ERZÄHLBÄNDE:&lt;br/&gt;&lt;br/&gt;spannende Alltagsabenteuer und schöne Freundschaftsgeschichten&lt;br/&gt;&lt;br/&gt;tolles Lesefutter für Mädchen und Jungen ab 7 Jahren zum Vor- und Selberlesenliebevoll&lt;br/&gt;&lt;br/&gt;erzählt und toll illustriert&lt;br/&gt;&lt;br/&gt;von Bestseller-Autorin Julia Boehme&lt;br/&gt;&lt;br/&gt;mittlerweile über 35 Bücher der Erfolgsreihe!</marc:subfield>
   </marc:datafield>
   <marc:datafield ind1=" " ind2=" " tag="020">
      <marc:subfield code="a">9783551556295</marc:subfield>
      <marc:subfield code="9">9783551556295</marc:subfield>
   </marc:datafield>
</marc:record>
